Philadelphia Flyers Captains - Statistics

General Stats
  • This quiz has been taken 202 times
  • The average score is 9 of 19
Answer Stats
Years Answer % Correct
2013-Current Claude Giroux
96%
1973-79 Bobby Clarke
94%
1983-84 Bobby Clarke
94%
1995-00 Eric Lindros
91%
2012 Chris Pronger
63%
2009-11 Mike Richards
61%
1982-83 Bill Barber
55%
2002-06 Keith Primeau
42%
2000-02 Eric Desjardins
39%
1992 Rick Tocchet
34%
2008 Jason Smith
33%
2007 Peter Forsberg
31%
1985-89 Dave Poulin
28%
1969-73 Ed Van Impe
22%
2006 Derian Hatcher
20%
1990-91 Ron Sutter
18%
1994 Kevin Dineen
16%
1980-81 Mel Bridgman
16%
1968 Lou Angotti
14%
No matching quizzes found
Score Distribution
Percent of People with Each Score
Percentile by Number Answered
Your Score History
You have not taken this quiz